000
00340nam a2200145Ia 4500
008
191201s2012 xx 000 0 und d
020
_a
9789332542525
100
_a
MORRISMANO, M
245
0
_a
Digital Logic and Computer Design
250
_a
Rep
260
_c
2012
_b
pearson
_a
N. delhi
300
_a
612
650
_a
MCA
942
_2
ddc
_c
BB
999
_c
7581
_d
7581